Arpos odborný časopis Asociácie rozvoja požiarnej ochrany Slovenska

Bibliographic Details
Other Authors: Osaďan, Róbert (Publishing director), Balog, Karol, 1949- (Publishing director, Editor)
Format: Journal
Language:Slovak
PhysicalDescription:8 zv. 30 cm
Published: Bratislava Asociácia rozvoja požiarnej ochrany Slovenska 2000-2007
ISSN:1335-5910
Subjects:

MARC

LEADER 00000cas a2200000 a 4500
001 vtls008425591
003 SK-MaSNL
005 20260228161005.0
008 060123d20002007xo qr|p r 0 b0slo
022 |a 1335-5910 
035 |a (SVKBB03)vtls000046332 
040 |a SVKPO  |b slo  |c SVKPO  |d SAVUK  |d SNK  |e AACR2 
041 0 |a slo 
044 |a xo  |c SK 
072 7 |a 614.84  |x Požiare. Ochrana pred požiarmi  |2 konspekt 
080 |a 614.84  |2 2011 
080 |a 050  |2 2011 
080 |a (051)-027.561  |2 2011 
210 0 |a Arpos  |b (Bratisl.) 
222 0 |a Arpos  |b (Bratislava) 
245 0 0 |a Arpos  |b odborný časopis Asociácie rozvoja požiarnej ochrany Slovenska 
260 |a Bratislava  |b Asociácia rozvoja požiarnej ochrany Slovenska  |c 2000-2007 
300 |a 8 zv.  |c 30 cm 
310 |a 4x ročne 
362 0 |a Roč. 1, č. 1 (2000)-č. 26 (2007) 
500 |a Šéfredaktor: 1/2000, Róbert Osaďan ; 2/2000-2007, Karol Balog 
515 |a Od r. 2003 má časopis priebežné číslovanie 
650 0 7 |a požiarna ochrana  |2 SNKPH  |9 1501 
655 7 |a odborné časopisy  |2 SNKPH  |9 70505 
700 1 |a Osaďan, Róbert  |4 pbd  |9 267741 
700 1 |a Balog, Karol,  |d 1949-  |4 pbd  |4 edt  |9 213978 
710 2 |a Asociácia rozvoja požiarnej ochrany Slovenskej republiky  |4 pbl  |9 267742 
850 |a Štátna vedecká knižnica v Prešove 
852 |a Štátna vedecká knižnica v Banskej Bystrici 
910 |a savuk 
910 |a snk 
916 |a 2000-2007 
999 |c 4048  |d 5978 
952 |0 0  |1 0  |4 0  |7 0  |8 0  |a SNK  |b SNK  |d 2019-09-03  |f 1  |i snk2019/21914  |l 0  |o snkČSB 7255/1/2000  |p 17A1382758  |r 2026-02-21 22:29:20  |t č. 1-4  |w 2026-02-21  |y PREZ 
952 |0 0  |1 0  |4 0  |7 0  |8 0  |a SNK  |b SNK  |d 2019-09-03  |f 1  |i snk2019/21915  |l 0  |o snkČSB 7255/2/2001  |p 17A1382759  |r 2026-02-21 22:29:20  |t č. 1-4  |w 2026-02-21  |y PREZ 
952 |0 0  |1 0  |4 0  |7 0  |8 0  |a SNK  |b SNK  |d 2019-09-03  |f 1  |i snk2019/21916  |l 0  |o snkČSB 7255/3/2002  |p 17A1382760  |r 2026-02-21 22:29:20  |t č. 1  |w 2026-02-21  |y PREZ 
952 |0 0  |1 0  |4 0  |7 0  |8 0  |a SNK  |b SNK  |d 2019-09-03  |f 1  |i snk2019/21918  |l 0  |o snkČSB 7255/2003  |p 17A1382761  |r 2026-02-21 22:29:20  |t č. 10-11  |w 2026-02-21  |y PREZ 
952 |0 0  |1 0  |4 0  |7 0  |8 0  |a SNK  |b SNK  |d 2019-09-03  |f 1  |i snk2019/21920  |l 0  |o snkČSB 7255/2004  |p 17A1382762  |r 2026-02-21 22:29:20  |t č. 12-17  |w 2026-02-21  |y PREZ 
952 |0 0  |1 0  |4 0  |7 0  |8 0  |a SNK  |b SNK  |d 2019-09-03  |f 1  |i snk2019/21921  |l 0  |o snkČSB 7255/2005  |p 17A1382763  |r 2026-02-21 22:29:20  |t č. 18-21  |w 2026-02-21  |y PREZ 
952 |0 0  |1 0  |4 0  |7 0  |8 0  |a SNK  |b SNK  |d 2019-09-03  |f 1  |i snk2019/21922  |l 0  |o snkČSB 7255/2006  |p 17A1382764  |r 2026-02-21 22:29:20  |t č. 22-25  |w 2026-02-21  |y PREZ 
952 |0 0  |1 0  |4 0  |7 0  |8 0  |a SNK  |b SNK  |d 2019-09-03  |f 1  |i snk2019/21923  |l 0  |o snkČSB 7255/2007  |p 17A1382765  |r 2026-02-21 22:29:20  |t č. 26  |w 2026-02-21  |y PREZ 
952 |0 0  |1 0  |4 0  |7 0  |8 0  |a SNK  |b SNK  |d 2019-09-03  |i snk2019/21925  |l 0  |o snkČSB 7255/1/2000 D1  |p 17A1382766  |r 2026-02-21 22:29:20  |t č. 1-4  |w 2026-02-21  |y PREZ 
952 |0 0  |1 0  |4 0  |7 0  |8 0  |a SNK  |b SNK  |d 2019-09-03  |i snk2019/21927  |l 0  |o snkČSB 7255/2/2001 D1  |p 17A1382767  |r 2026-02-21 22:29:20  |t č. 1-4  |w 2026-02-21  |y PREZ 
952 |0 0  |1 0  |4 0  |7 0  |8 0  |a SNK  |b SNK  |d 2019-09-03  |i snk2019/21928  |l 0  |o snkČSB 7255/3/2002 D1  |p 17A1382768  |r 2026-02-21 22:29:20  |t č. 1  |w 2026-02-21  |y PREZ 
952 |0 0  |1 0  |4 0  |7 0  |8 0  |a SNK  |b SNK  |d 2019-09-03  |i snk2019/21929  |l 0  |o snkČSB 7255/2003 D1  |p 17A1382769  |r 2026-02-21 22:29:25  |t č. 10-11  |w 2026-02-21  |y PREZ 
952 |0 0  |1 0  |4 0  |7 0  |8 0  |a SNK  |b SNK  |d 2019-09-03  |i snk2019/21930  |l 0  |o snkČSB 7255/2004 D1  |p 17A1382770  |r 2026-02-21 22:29:25  |t č. 12-17, neúplné  |w 2026-02-21  |y PREZ  |z Chýba č. 12-13 
952 |0 0  |1 0  |4 0  |7 0  |8 0  |a SNK  |b SNK  |d 2019-09-03  |i snk2019/21931  |l 0  |o snkČSB 7255/2005 D1  |p 17A1382771  |r 2026-02-21 22:29:25  |t č. 18-21, neúplné  |w 2026-02-21  |y PREZ  |z Chýba č. 20-21 
952 |0 0  |1 0  |4 0  |7 0  |8 0  |a SNK  |b SNK  |d 2019-09-03  |i snk2019/21932  |l 0  |o snkČSB 7255/2006 D1  |p 17A1382772  |r 2026-02-21 22:29:25  |t č. 22-25  |w 2026-02-21  |y PREZ 
952 |0 0  |1 0  |4 0  |7 0  |8 0  |a SNK  |b SNK  |d 2019-09-03  |i snk2019/21933  |l 0  |o snkČSB 7255/2007 D1  |p 17A1382773  |r 2026-02-21 22:29:25  |t č. 26  |w 2026-02-21  |y PREZ